<?xml version="1.0" encoding="UTF-8"?><?xml-stylesheet type="text/xsl" href="static/style.xsl"?><OAI-PMH xmlns="http://www.openarchives.org/OAI/2.0/" xmlns:xsi="http://www.w3.org/2001/XMLSchema-instance" xsi:schemaLocation="http://www.openarchives.org/OAI/2.0/ http://www.openarchives.org/OAI/2.0/OAI-PMH.xsd"><responseDate>2026-04-17T22:59:45Z</responseDate><request verb="GetRecord" identifier="oai:www.recercat.cat:20.500.12694/7214" metadataPrefix="marc">https://recercat.cat/oai/request</request><GetRecord><record><header><identifier>oai:recercat.cat:20.500.12694/7214</identifier><datestamp>2025-12-18T12:09:29Z</datestamp><setSpec>com_2072_179042</setSpec><setSpec>col_2072_484474</setSpec></header><metadata><record xmlns="http://www.loc.gov/MARC21/slim" xmlns:dcterms="http://purl.org/dc/terms/" xmlns:xsi="http://www.w3.org/2001/XMLSchema-instance" xmlns:doc="http://www.lyncode.com/xoai" xsi:schemaLocation="http://www.loc.gov/MARC21/slim http://www.loc.gov/standards/marcxml/schema/MARC21slim.xsd">
   <leader>00925njm 22002777a 4500</leader>
   <datafield ind2=" " ind1=" " tag="042">
      <subfield code="a">dc</subfield>
   </datafield>
   <datafield ind2=" " ind1=" " tag="720">
      <subfield code="a">Reche Antón, José</subfield>
      <subfield code="e">author</subfield>
   </datafield>
   <datafield ind2=" " ind1=" " tag="260">
      <subfield code="c">2011-12-16</subfield>
   </datafield>
   <datafield ind2=" " ind1=" " tag="520">
      <subfield code="a">Aquest treball documenta l’estada a Barcelona, entre 1794 i 1798, dels germans Joseph i Peter Petrides, trompistes nascuts a Praga. L’excepcional trajectòria d’ambdós a la capital catalana, com a membres de l’orquestra del Teatre de la Santa Creu i com a solistes destacats, il·lustra el desenvolupament de l’ofici de músic a la ciutat durant l’última dècada del segle XVIII.</subfield>
   </datafield>
   <datafield ind2=" " ind1=" " tag="520">
      <subfield code="a">El presente trabajo documenta el período en Barcelona, entre 1794 y 1798, de los hermanos Joseph y Peter Petrides, trompistas nacidos en Praga. La excepcional trayectoria de ambos en la capital catalana, como miembros de la orquesta del Teatre de la Santa Creu y como solistas destacados, ilustra el desarrollo del oficio de músico en la ciudad durante la última década del siglo XVIII.</subfield>
   </datafield>
   <datafield ind2=" " ind1=" " tag="520">
      <subfield code="a">This paper focuses on the period 1794–1798, when the brothers Joseph and Peter Petrides stayed in Barcelona. The two trumpet players, born in Prague, were members of the Santa Creu Theatre orchestra and played a very important role as soloists in the city. Their remarkable careers contributed to the development of musicians’ professional activities in Barcelona during the late 18th century.</subfield>
   </datafield>
   <datafield ind1="8" ind2=" " tag="024">
      <subfield code="a">http://hdl.handle.net/20.500.12694/7214</subfield>
   </datafield>
   <datafield tag="653" ind2=" " ind1=" ">
      <subfield code="a">TFG Música antiga</subfield>
   </datafield>
   <datafield tag="653" ind2=" " ind1=" ">
      <subfield code="a">Petrides, Joseph--Crítica i interpretació</subfield>
   </datafield>
   <datafield tag="653" ind2=" " ind1=" ">
      <subfield code="a">Petrides, Peter--Crítica i interpretació</subfield>
   </datafield>
   <datafield tag="653" ind2=" " ind1=" ">
      <subfield code="a">Música--Barcelona--S. XVIII</subfield>
   </datafield>
   <datafield tag="653" ind2=" " ind1=" ">
      <subfield code="a">Trompa (Instrument musical)--S. XVIII</subfield>
   </datafield>
   <datafield tag="653" ind2=" " ind1=" ">
      <subfield code="a">Teatre de la Santa Creu (Barcelona, Catalunya). Orquestra</subfield>
   </datafield>
   <datafield ind2="0" ind1="0" tag="245">
      <subfield code="a">Els germans Petrides a Barcelona: dos trompistes bohemis al Teatre de la Santa Creu (1794-1798)</subfield>
   </datafield>
</record></metadata></record></GetRecord></OAI-PMH>